|
|
|
|
| LEADER |
00000nam0a2200000 4500 |
| 001 |
35714 |
| 005 |
20231030234642.0 |
| 035 |
|
|
|a (RuTPU)RU\TPU\book\36153
|
| 035 |
|
|
|a BOOK00002805
|
| 090 |
|
|
|a 35714
|
| 100 |
|
|
|a 20011210d1981 km y0rusy50 ca
|
| 101 |
1 |
|
|a rus
|c eng
|
| 102 |
|
|
|a RU
|
| 105 |
|
|
|a y z 000zy
|
| 200 |
1 |
|
|a Интерактивная машинная графика. Структуры данных, алгоритмы, языки
|e пер. с англ.
|f В. К. Гилой
|
| 210 |
|
|
|a Москва
|c Мир
|d 1981
|
| 215 |
|
|
|a 380 с.
|
| 610 |
1 |
|
|a машинная графика
|
| 610 |
1 |
|
|a структуры данных
|
| 610 |
1 |
|
|a алгоритмы
|
| 610 |
1 |
|
|a языки
|
| 610 |
1 |
|
|a изображения
|
| 610 |
1 |
|
|a графические системы
|
| 675 |
|
|
|a 681.327.1
|v 3
|
| 700 |
|
1 |
|a Гилой
|b В. К.
|g Волфганг К.
|
| 801 |
|
0 |
|a RU
|b 63413507
|c 20011210
|g PSBO
|
| 801 |
|
2 |
|a RU
|b 63413507
|c 20151029
|g PSBO
|
| 900 |
|
|
|a Обработка экспериментальных данных на ЭВМ
|
| 942 |
|
|
|c BK
|